Capitals of the Chinese Empires - Statistics

General Stats
  • This quiz has been taken 21 times
  • The average score is 19 of 31
Answer Stats
Answer Dynasty Period % Correct
Beijing Ming Dynasty 1421 - 1644
100%
Beijing Qing Dynasty 1644 - 1912
100%
Dadu (Beijing) Yuan Dynasty 1267 - 1368
100%
Chang'an Han Dynasty 202 BC - 8 BC
78%
Chang'an Xin Dynasty 8 - 23
78%
Chang'an Han Dynasty 191 - 195
78%
Chang'an Jin Dynasty (Western) 313 - 316
78%
Chang'an Tang Dynasty 618-904
78%
Daxing (Xi'an) Sui Dynasty 581 - 618
78%
Jiankang (Nanjing) Jin Dynasty (Eastern) 317 - 420
78%
Jiankang (Nanjing) Southern Dynasties 420 - 589
78%
Jianye (Nanjing) Three Kingdoms period 227 - 279
78%
Nanjing Ming Dynasty 1268 - 1421
78%
Pingcheng (Datong), Luoyang, Ye, Chang'an Northern Dynasties* 386 - 581
78%
Guangzhou Song Dynasty (Southern) 1277 - 1279
67%
Dongdu (Luoyang) Five Dynasties and Ten Kingdoms period 907 - 936
56%
Luoyang Han Dynasty 202 BC
56%
Luoyang Han Dynasty 25 - 190
56%
Luoyang Three Kingdoms period 220 - 265
56%
Luoyang Jin Dynasty (Western) 265 - 313
56%
Luoyang Sui Dynasty 605-618
56%
Luoyang Tang Dynasty 657-736
56%
Luoyang Tang Dynasty 904 - 907
56%
Chengdu Three Kingdoms period 221 - 263
50%
Dongfing (Kaifeng) Five Dynasties and Ten Kingdoms period 936 - 960
39%
Dongfing (Kaifeng) Song Dynasty (Northern) 960 - 1127
39%
Fuzhou Song Dynasty (Southern) 1276 - 1277
33%
Lin'an (Hangzhou) Song Dynasty (Southern) 1130 - 1276
28%
Shengjing (Shenyang) Qing Dynasty 1636 - 1644
28%
Shangdu (Xanadu) Yuan Dynasty 1264 - 1267
17%
Xu Han Dynasty 196 - 220
11%
No matching quizzes found
Score Distribution
Percent of People with Each Score
Percentile by Number Answered
Your Score History
You have not taken this quiz